<?xml version="1.0" encoding="UTF-8"?>
<record
    xmlns:xsi="http://www.w3.org/2001/XMLSchema-instance"
    xsi:schemaLocation="http://www.loc.gov/MARC21/slim http://www.loc.gov/standards/marcxml/schema/MARC21slim.xsd"
    xmlns="http://www.loc.gov/MARC21/slim">

  <leader>01727nam a22002657a 4500</leader>
  <controlfield tag="003">OSt</controlfield>
  <controlfield tag="005">20240417163400.0</controlfield>
  <controlfield tag="008">240417b           ||||| |||| 00| 0 spa d</controlfield>
  <datafield tag="020" ind1=" " ind2=" ">
    <subfield code="a">9786289549782</subfield>
  </datafield>
  <datafield tag="040" ind1=" " ind2=" ">
    <subfield code="c">CO-Mq BPB</subfield>
  </datafield>
  <datafield tag="082" ind1=" " ind2=" ">
    <subfield code="a">P</subfield>
    <subfield code="b">POS10</subfield>
  </datafield>
  <datafield tag="100" ind1=" " ind2=" ">
    <subfield code="a">Posada, Pilar </subfield>
    <subfield code="e">Autora</subfield>
  </datafield>
  <datafield tag="245" ind1=" " ind2=" ">
    <subfield code="a">De los pies a la cabeza: </subfield>
    <subfield code="b">juega conmigo Segunda </subfield>
  </datafield>
  <datafield tag="250" ind1=" " ind2=" ">
    <subfield code="a">Edici&#xF3;n especial</subfield>
  </datafield>
  <datafield tag="264" ind1=" " ind2=" ">
    <subfield code="a">Bogot&#xE1;:</subfield>
    <subfield code="b">Cataplum Libros</subfield>
    <subfield code="c">2023</subfield>
  </datafield>
  <datafield tag="300" ind1=" " ind2=" ">
    <subfield code="a">36 p&#xE1;ginas sin numerar</subfield>
    <subfield code="b"> ilustraciones a color, tapa rustica</subfield>
    <subfield code="c">18 cm</subfield>
  </datafield>
  <datafield tag="490" ind1=" " ind2=" ">
    <subfield code="a">Plan Nacional de Lectura y Escritura Leer es mi Cuento / Ministerio de Cultura</subfield>
  </datafield>
  <datafield tag="521" ind1=" " ind2=" ">
    <subfield code="a">De los pies a la cabeza. Juega conmigo explora el juego con el cuerpo a partir de versos creados y recreados por Pilar Posada y busca acompa&#xF1;ar en nuestro cat&#xE1;logo a libros como Tan Tan y La gallina y el monstruo. Estos versos est&#xE1;n inspirados en la tradici&#xF3;n oral latinoamericana y solo una autora y conocedora de la tradici&#xF3;n oral como Pilar Posada puede escribir estos versos con el tono de aquellos que han pasado de boca en boca por varias generaciones e integrar versos de la propia tradici&#xF3;n oral a su trabajo (crea a partir de lo ya creado), y brindarle al lector algo totalmente nuevo. Las ilustraciones de Juliana Salcedo, colombiana, radicada en Espa&#xF1;a, gran dibujante, acompa&#xF1;an los textos con delicadeza y sabidur&#xED;a, propiciando tambi&#xE9;n el juego entre los ni&#xF1;os, y entre los ni&#xF1;os y los adultos.</subfield>
  </datafield>
  <datafield tag="521" ind1=" " ind2=" ">
    <subfield code="a">Recomendado para p&#xFA;blico infantil</subfield>
  </datafield>
  <datafield tag="650" ind1=" " ind2=" ">
    <subfield code="a">Poes&#xED;a infantil colombiana</subfield>
    <subfield code="y">Siglo XXI</subfield>
  </datafield>
  <datafield tag="650" ind1=" " ind2=" ">
    <subfield code="a">Juegos infantiles en la literatura</subfield>
    <subfield code="y">Siglo XXI</subfield>
  </datafield>
  <datafield tag="650" ind1=" " ind2=" ">
    <subfield code="a">Literatura infantil colombiana</subfield>
  </datafield>
  <datafield tag="700" ind1=" " ind2=" ">
    <subfield code="a">Salcedo, Juliana</subfield>
    <subfield code="e"> ilustradora</subfield>
  </datafield>
  <datafield tag="942" ind1=" " ind2=" ">
    <subfield code="2">ddc</subfield>
    <subfield code="c">BKLIT</subfield>
  </datafield>
  <datafield tag="999" ind1=" " ind2=" ">
    <subfield code="c">15403</subfield>
    <subfield code="d">15403</subfield>
  </datafield>
  <datafield tag="952" ind1=" " ind2=" ">
    <subfield code="0">0</subfield>
    <subfield code="1">0</subfield>
    <subfield code="2">ddc</subfield>
    <subfield code="4">0</subfield>
    <subfield code="7">0</subfield>
    <subfield code="8">LI</subfield>
    <subfield code="a">MUS</subfield>
    <subfield code="b">MUS</subfield>
    <subfield code="c">FIC</subfield>
    <subfield code="d">2024-04-17</subfield>
    <subfield code="e">Dotaci&#xF3;n PNL 2023</subfield>
    <subfield code="i">NT</subfield>
    <subfield code="l">0</subfield>
    <subfield code="o">P POS10</subfield>
    <subfield code="p">MUS000414</subfield>
    <subfield code="r">2024-04-17</subfield>
    <subfield code="t">Ej.1</subfield>
    <subfield code="w">2024-04-17</subfield>
    <subfield code="y">BKLIT</subfield>
    <subfield code="z">Quince dias</subfield>
  </datafield>
  <datafield tag="952" ind1=" " ind2=" ">
    <subfield code="0">0</subfield>
    <subfield code="1">0</subfield>
    <subfield code="2">ddc</subfield>
    <subfield code="4">0</subfield>
    <subfield code="7">0</subfield>
    <subfield code="8">LI</subfield>
    <subfield code="a">BPMOS</subfield>
    <subfield code="b">BPMOS</subfield>
    <subfield code="c">FIC</subfield>
    <subfield code="d">2024-04-30</subfield>
    <subfield code="e">Dotaci&#xF3;n PNL 2023</subfield>
    <subfield code="i">NT</subfield>
    <subfield code="l">1</subfield>
    <subfield code="m">2</subfield>
    <subfield code="o">P POS10</subfield>
    <subfield code="p">MOS503628</subfield>
    <subfield code="r">2025-07-07</subfield>
    <subfield code="s">2025-06-09</subfield>
    <subfield code="t">Ej.1</subfield>
    <subfield code="w">2024-04-30</subfield>
    <subfield code="y">BKLIT</subfield>
    <subfield code="z">Quince dias</subfield>
  </datafield>
</record>
